| 000 | 00435nam a2200157Ia 4500 | ||
|---|---|---|---|
| 003 | OSt | ||
| 005 | 20200811094326.0 | ||
| 008 | 190216s9999||||xx |||||||||||||| ||und|| | ||
| 040 | _coclc | ||
| 082 |
_a001.42 _bRAS/R |
||
| 100 |
_aRastogi, Harsha _94032 |
||
| 245 | 0 |
_aResearch Methodology / _cHarsha Rastogi |
|
| 260 |
_bKing`S Books, _aDelhi: |
||
| 300 | _a328p | ||
| 942 |
_cBK _2ddc _h001.42 _iRAS/R _k001.42 _mRAS/R |
||
| 999 |
_c7036 _d7036 |
||